| 000 | 00596nam a2200169 a 4500 | ||
|---|---|---|---|
| 008 | 120416s1973 ||||||||||||||||| || u | ||
| 050 | _aHM 101 Soc | ||
| 100 | _aEtzioni-Halevy, Eva | ||
| 245 | 1 | 0 |
_aSocial change _cedited by Eva Etzioni-Halevy |
| 246 | _asources, patterns, and consequences | ||
| 250 | _a2nd ed. | ||
| 260 |
_aNew York _bBasic Books _c1973 |
||
| 300 | _axii, 559p. : ill. | ||
| 350 | _a0.00 | ||
| 700 | _aEtzioni, Amitai | ||
| 995 |
_D0.00 _FCBU-MAIN LIBRARY (Kitwe) _H1 _I0.00 _UAVAILABLE _ZMain Library Open Access Collection |
||
| 999 |
_c57661 _d57661 |
||